000 00564aam a2200205 4500
001 7372
003 Uk
005 20250619151941.0
006 m || d |
007 cr |||||||||||
008 040401s2004 enka ob 001 0 eng
020 _a9789057024016
082 0 4 _a915.98 MUR
100 1 _aMurray Li, Tania.
245 1 0 _aTransforming the Indonesian uplands.
260 _aAmsterdam :
_bHarwood Academic Publishers,
_c1999.
300 _axiii, 311 p. :
_bill, :
_c25 cm.
504 _aIncludes bibliographical references and index.
942 _2ddc
_cMAIN
999 _c10389
_d10390